[Event "73rd Tata Steel GMA"]
[Site "Wijk aan Zee NED"]
[Date "2011.01.25"]
[Round "9"]
[White "Aronian, Levon"]
[Black "Shirov, Alexei"]
[Result "1-0"]
[WhiteTitle "GM"]
[BlackTitle "GM"]
[WhiteElo "2805"]
[BlackElo "2722"]
[WhiteFideId "13300474"]
[BlackFideId "2209390"]
[EventDate "2011.01.14"]

1. d4 d5 2. c4 c6 3. Nf3 Nf6 4. Nc3 e6 5. Bg5 Nbd7 6. e3 Qa5 7. cxd5 Nxd5 8. Qd2
Bb4 9. Rc1 h6 10. Bh4 c5 11. Bc4 cxd4 12. Qxd4 Bxc3+ 13. bxc3 O-O 14. O-O N5b6
15. Bb3 Re8 16. Rfd1 Qh5 17. Bg3 e5 18. Qb4 e4 19. Ne1 a5 20. Qd4 Nc5 21. Rb1
Nxb3 22. Qxb6 Nc5 23. c4 Be6 24. Rd5 Bxd5 25. Qxc5 Red8 26. cxd5 Qxd5 27. Qc2 b5
28. Qb2 b4 29. Be5 Qd2 30. Qa1 Qe2 31. Bd4 Rab8 32. h3 f6 33. Rb2 Qb5 34. Qb1
Qd5 35. Qd1 Rbc8 36. Rd2 Qe6 37. Kh2 Rd7 38. g3 Rdc7 39. Bb2 Qxa2 40. Be5 Qxd2
41. Qxd2 fxe5 42. Qd5+ Rf7 43. Kg2 Rf8 44. h4 Kh8 45. Qxe4 Rxf2+ 46. Kh3 b3 47.
Nd3 b2 48. Qb7 R8f7 49. Qb5 a4 50. Nxb2 a3 51. Nd3 Rf1 52. Qa4 Rh1+ 53. Kg4 1-0

[Event "73rd Tata Steel GMC"]
[Site "Wijk aan Zee NED"]
[Date "2011.01.25"]
[Round "9"]
[White "Van Kampen, Robin"]
[Black "Ivanisevic, Ivan"]
[Result "1/2-1/2"]
[WhiteTitle "IM"]
[BlackTitle "GM"]
[WhiteElo "2443"]
[BlackElo "2630"]
[WhiteFideId "1020854"]
[BlackFideId "912417"]
[EventDate "2011.01.14"]

1. e4 e5 2. Nf3 Nc6 3. Bb5 a6 4. Ba4 Nf6 5. O-O Be7 6. Re1 b5 7. Bb3 O-O 8. d4
Nxd4 9. Nxd4 exd4 10. e5 Ne8 11. c3 c5 12. Bd5 Rb8 13. cxd4 c4 14. Nc3 Nc7 15.
Be4 d5 16. exd6 Bxd6 17. Qh5 f5 18. Bf3 Bb7 19. Bxb7 Rxb7 20. Qf3 Rb8 21. Bf4
Bxf4 22. Qxf4 Rb6 23. Re5 Rd6 24. Rxf5 Rxf5 25. Qxf5 Rxd4 26. g3 Qd7 27. Qf3 b4
28. Ne4 Qf7 29. Qe3 Qd5 30. Re1 h6 31. h4 Ne6 32. Kh2 Qe5 33. Kg1 a5 34. Nc5
Qxe3 35. fxe3 Rd6 36. Nxe6 Rxe6 37. Kf2 Rc6 38. Rc1 Kf7 39. Kf3 Ke6 40. Ke4 Kd7
41. a3 Re6+ 42. Kd4 Rd6+ 43. Kc5 bxa3 44. bxa3 Rg6 45. Rxc4 Rxg3 46. Re4 g5 47.
Kd5 Rg1 48. Ke5 Kc6 49. Rd4 Rg3 50. Rd6+ Kc5 51. Rd5+ Kc4 52. Rxa5 Kd3 53. Ra4
h5 54. Kf5 g4 55. Kg5 Rxe3 56. Kxh5 g3 57. Rg4 Ke2 58. Kg6 Kf3 59. Rg5 Kf4 60.
Kh6 Rxa3 61. Rg6 Ra8 62. Kh7 Ra5 63. Kh6 Kf3 64. h5 g2 65. Rxg2 Kxg2 66. Kg6 Kf3
67. h6 Ra6+ 68. Kg7 Ra7+ 69. Kg8 Kf4 70. h7 Kg5 71. h8=Q Ra8+ 1/2-1/2

[Event "73rd Tata Steel GMC"]
[Site "Wijk aan Zee NED"]
[Date "2011.01.25"]
[Round "9"]
[White "Vocaturo, Daniele"]
[Black "Siebrecht, Sebastian"]
[Result "1-0"]
[WhiteTitle "GM"]
[BlackTitle "GM"]
[WhiteElo "2570"]
[BlackElo "2439"]
[WhiteFideId "813192"]
[BlackFideId "4609352"]
[EventDate "2011.01.14"]

1. e4 c5 2. Nf3 e6 3. d4 cxd4 4. Nxd4 a6 5. Nc3 Qc7 6. Bd3 Nf6 7. O-O d6 8. f4
g6 9. e5 dxe5 10. fxe5 Qxe5 11. Nb3 Nbd7 12. Bf4 Qh5 13. Be2 Qh4 14. g3 Qh3 15.
Qd4 Bg7 16. Bg5 e5 17. Qd6 Qe6 18. Rad1 Qxd6 19. Rxd6 O-O 20. Bxf6 Nxf6 21.
Rdxf6 Bxf6 22. Rxf6 Bf5 23. g4 Bc8 24. Rb6 Rd8 25. Nc5 f5 26. gxf5 gxf5 27. Bc4+
Kh8 28. Nd5 Rg8+ 29. Kf2 Rg4 30. Bb3 Rh4 31. Nc7 Ra7 32. Ne8 Rxh2+ 33. Kg1 Rh4
34. Rf6 h6 35. Rf8+ Kh7 36. Rf7+ Kh8 37. Nf6 1-0

[Event "73rd Tata Steel GMC"]
[Site "Wijk aan Zee NED"]
[Date "2011.01.25"]
[Round "9"]
[White "Nyzhnyk, Illya"]
[Black "Lahno, Kateryna"]
[Result "1/2-1/2"]
[WhiteTitle "IM"]
[BlackTitle "GM"]
[WhiteElo "2530"]
[BlackElo "2518"]
[WhiteFideId "14118084"]
[BlackFideId "14109336"]
[EventDate "2011.01.14"]

1. d4 Nf6 2. c4 g6 3. Nf3 Bg7 4. g3 d5 5. cxd5 Nxd5 6. Bg2 Nb6 7. Nc3 Nc6 8. e3
O-O 9. O-O Re8 10. Re1 Bd7 11. Qe2 e5 12. d5 e4 13. Nxe4 Nxd5 14. Nc5 Bg4 15.
Qc4 Bxf3 16. Bxf3 Ne5 17. Qxd5 c6 18. Qd1 Qa5 19. Bg2 Rad8 20. Qe2 Qxc5 21. Rb1
Nd3 22. Rf1 Qa5 23. a3 Rd7 24. Qc2 Nxc1 25. Qxc1 Red8 26. Qc4 Rd2 27. Qb3 Qc7
28. Qa4 a6 29. b4 Qd6 30. Qb3 Rd3 31. Qa2 Rd2 32. Qc4 Bb2 33. a4 Qf6 34. b5 cxb5
35. axb5 Qb6 36. bxa6 bxa6 37. Qa4 a5 38. Rbd1 Qb4 39. Qxb4 axb4 40. Rxd2 Rxd2
41. Bf3 Bc3 42. Rd1 b3 43. Rxd2 Bxd2 44. Kf1 b2 45. Be4 Kg7 1/2-1/2

[Event "73rd Tata Steel GMC"]
[Site "Wijk aan Zee NED"]
[Date "2011.01.25"]
[Round "9"]
[White "Swiercz, Dariusz"]
[Black "Bok, Benjamin"]
[Result "0-1"]
[WhiteTitle "GM"]
[BlackTitle "IM"]
[WhiteElo "2540"]
[BlackElo "2453"]
[WhiteFideId "1126881"]
[BlackFideId "1017063"]
[EventDate "2011.01.14"]

1. d4 Nf6 2. c4 g6 3. Nc3 d5 4. Bg5 Ne4 5. Bh4 Nxc3 6. bxc3 dxc4 7. e3 Be6 8.
Nf3 Bg7 9. Be2 O-O 10. O-O c5 11. Ng5 Bd5 12. e4 h6 13. exd5 hxg5 14. Bxg5 cxd4
15. Bxc4 dxc3 16. Qe2 Bf6 17. Bxf6 exf6 18. Rac1 Qd6 19. Rxc3 Nd7 20. Bb3 Rfc8
21. Re3 Kg7 22. h4 Rh8 23. g3 Nc5 24. Bc4 a6 25. Rd1 b5 26. Bd3 Rh5 27. Bc2 Rxd5
28. Rxd5 Qxd5 29. Re7 Rd8 30. Qg4 Kf8 31. Re2 Qc4 32. Qf3 Kg7 33. h5 gxh5 34.
Qxh5 Rh8 35. Qf3 Ne6 36. Qe4 Qxa2 37. Bd3 Qa1+ 38. Re1 Qd4 39. Qf5 Qc5 40. Qg4+
Qg5 41. Qf3 Qh5 42. Qg2 Nd4 43. Be4 Re8 44. g4 Qg5 45. Re3 Rh8 46. Bb7 Rh4 0-1

[Event "73rd Tata Steel GMC"]
[Site "Wijk aan Zee NED"]
[Date "2011.01.25"]
[Round "9"]
[White "Kazhgaleyev, Murtas"]
[Black "Van Der Werf, Mark"]
[Result "1-0"]
[WhiteTitle "GM"]
[BlackTitle "IM"]
[WhiteElo "2637"]
[BlackElo "2439"]
[WhiteFideId "13700316"]
[BlackFideId "1000470"]
[EventDate "2011.01.14"]

1. d4 Nf6 2. c4 e6 3. Nf3 Nc6 4. Nc3 Bb4 5. Bg5 h6 6. Bh4 g5 7. Bg3 Ne4 8. Rc1
Bxc3+ 9. bxc3 Nxg3 10. hxg3 d6 11. e3 g4 12. Nd2 f5 13. f3 gxf3 14. Qxf3 Qg5 15.
c5 dxc5 16. Nb3 cxd4 17. cxd4 Bd7 18. Be2 O-O-O 19. Nc5 Rdg8 20. Rh3 f4 21. Nxd7
Qa5+ 22. Kf1 fxe3 23. Rh5 Qa3 24. Rxc6 bxc6 25. Rc5 Rg5 26. Kg1 Rd5 27. Qf6 Re8
28. Qf7 Rd8 29. Rxd5 exd5 30. Nc5 Qc1+ 31. Kh2 Qb2 32. Qe6+ Kb8 33. Qxc6 1-0

[Event "73rd Tata Steel GMC"]
[Site "Wijk aan Zee NED"]
[Date "2011.01.25"]
[Round "9"]
[White "De Jong, Jan-Willem"]
[Black "Pruijssers, Roeland"]
[Result "1/2-1/2"]
[WhiteTitle "IM"]
[BlackTitle "IM"]
[WhiteElo "2437"]
[BlackElo "2484"]
[WhiteFideId "1008641"]
[BlackFideId "1013068"]
[EventDate "2011.01.14"]

1. e4 e5 2. Nf3 d6 3. d4 exd4 4. Nxd4 Nf6 5. Nc3 Be7 6. Be2 O-O 7. O-O Re8 8. f4
Bf8 9. Bf3 c6 10. Kh1 Nbd7 11. Re1 a5 12. Be3 a4 13. Bf2 a3 14. b3 Qa5 15. Nb1
g6 16. c3 Nb6 17. Nc2 d5 18. b4 Qa6 19. e5 Ne4 20. Bxe4 dxe4 21. Nd2 Nd5 22.
Nxe4 Bf5 23. Qf3 Qc4 24. Bd4 Bxe4 25. Rxe4 f5 26. exf6 Rxe4 27. Qxe4 Nxf6 28.
Qf3 Bg7 29. f5 Qd5 30. fxg6 hxg6 31. Kg1 Qxf3 32. gxf3 Nd5 33. Bxg7 Kxg7 34. c4
Nc3 35. Kf2 Rh8 36. Ke3 Rxh2 37. Kd3 Na4 38. Nxa3 Rf2 39. Nc2 Nb2+ 40. Kc3 Nxc4
41. Kxc4 Rxc2+ 42. Kd4 Rf2 43. Ke4 Rb2 44. a3 1/2-1/2

[Event "73rd Tata Steel GMC"]
[Site "Wijk aan Zee NED"]
[Date "2011.01.25"]
[Round "9"]
[White "Bluvshtein, Mark"]
[Black "Tania, Sachdev"]
[Result "1-0"]
[WhiteTitle "GM"]
[BlackTitle "IM"]
[WhiteElo "2590"]
[BlackElo "2391"]
[WhiteFideId "2603608"]
[BlackFideId "5007844"]
[EventDate "2011.01.14"]

1. e4 e6 2. d4 d5 3. Bd3 dxe4 4. Bxe4 Nf6 5. Bf3 c5 6. Ne2 Nc6 7. Be3 e5 8.
Bxc6+ bxc6 9. c3 cxd4 10. cxd4 Ng4 11. Nbc3 Nxe3 12. fxe3 Qg5 13. O-O Bd6 14.
Kh1 O-O 15. d5 Bb7 16. e4 cxd5 17. Nxd5 Rad8 18. Nec3 Bc8 19. Qa4 Bc5 20. Rad1
Rd6 21. Qc4 Bd4 22. Nb5 Rg6 23. Qc2 Rh6 24. Nxd4 exd4 25. Qc7 Be6 26. Ne7+ Kh8
27. Rxd4 Rf6 28. Rg1 Rh6 29. Rgd1 1-0